Doña Berta y otros relatos / (Registro nro. 32535)
[ vista simple ]
| 000 -CABECERA | |
|---|---|
| campo fijo de control de longitud | 00773nam a2200229 4500 |
| 001 - NÚMERO DE CONTROL | |
| campo de control | 32535 |
| 003 - IDENTIFICADOR DEL NÚMERO DE CONTROL | |
| campo de control | AR-RoBPED |
| 005 - FECHA Y HORADE LA ULTIMA TRANSACCION | |
| campo de control | 20260410101555.0 |
| 008 - ELEMENTOS DE LONGITUD FIJA--INFORMACION GENERAL | |
| campo fijo de control de longitud | 260408s1971 es ||||er|||| 001 0 spa d |
| 040 ## - FUENTE CATALOGADORA | |
| Centro catalogador/agencia de origen | AR-RoBPED |
| 041 ## - IDIOMA | |
| Código de idioma para texto/pista de sonido o título independiente | spa |
| 100 1# - ENCABEZAMIENTO PRINCIPAL--AUTOR PERSONAL | |
| Nombre de persona | Alas y Ureña, Leopoldo |
| Fechas nac-muerte | 1852-1901 |
| 9 (RLIN) | 6972 |
| 245 1# - TITULO | |
| Título | Doña Berta y otros relatos / |
| Mención de responsabilidad | Leopoldo Alas, "Clarín" ; prólogo de José Maria Martínez Cachero |
| 260 ## - PUBLICACION | |
| Lugar | España : |
| Editor | Salvat, |
| Fecha | 1971. |
| 300 ## - DESCRIPCION FISICA | |
| Extensión | 187 p. |
| 490 0# - SERIE | |
| Mención de serie | (Biblioteca Basica Salvat ; |
| Designación de volumen o secuencia | N° 72) |
| 650 #4 - TERMINO DE MATERIA--CONTROLADO | |
| Término controlado | LITERATURA ESPAÑOLA |
| 9 (RLIN) | 687 |
| Término controlado | RELATOS |
| 9 (RLIN) | 495 |
| 700 ## - ENCABEZAMIENTO SECUNDARIO--AUTOR PERSONAL | |
| Nombre de persona | Martínez Cachero, José María |
| Fecha de nac-muerte | 1924-2010 |
| 9 (RLIN) | 30659 |
| Función | prolog. |
| 942 ## - ELEMENTOS KOHA | |
| Fuente de clasificación | Universal Decimal Classification |
| Número Koha | k. 32535 |
| Koha tipo de ítem | Libro |
| Clasificación | 860-3 |
| Signatura librística | A 33 |
| Inventario | inv. 42323 |
| 945 ## - PROCESAMIENTO DE LA INFORMACIÓN LOCAL | |
| Catalogador y fecha | mm 08/04/2026 - cd 10/04/2026 |
| Estado retirado | Estado perdido | Fuente de clasificación | Estado dañado | No se presta | Biblioteca propietaria | Biblioteca de reserva | Fecha de adquisición | Procedencia | Total de préstamos | Signatura topográfica completa | Código de barras (nº de inventario) | Fecha visto por última vez | Catalogador y fecha | Tipo de ítem Koha | Nota pública |
|---|---|---|---|---|---|---|---|---|---|---|---|---|---|---|---|
| Universal Decimal Classification | Biblioteca Pedagógica Eudoro Díaz | Biblioteca Pedagógica Eudoro Díaz | 27/03/2026 | Donación | 860-3 A 33 | 42323 | 08/04/2026 | 08/04/2026 | Libro | Se presta 15 días. |